000 00837nam a22002777a 4500
005 20170124110006.0
010 _aA-544088
020 _c00.00
035 _aA-544088
037 _bCen Lib/Ret
040 _aDPL
_bEN
082 _a220.21
_bDEB
100 _aDebroy, Bibek
_989922
245 _aYajur veda /
_cby Bibek Debroy [and] Dipavali Debroy
246 _b
260 _bDelhi
_aBooks for all
270 _bDelhi
300 _a105p.
_c19cm(Hb)
490 _aGreat epics of India : veda
_v2
650 _aHunduism
_989923
650 _aVedas
_989924
650 _aपुस्तकालय विज्ञान
_x ज्ञान के ब्रह्मांड
_989925
650 _aशोध पद्धति
_989926
700 _aDebroy, Dipavli
_989927
942 _2ddc
_cEN
_h220.21
_mDEB
999 _c126178
_d126178